Themes and episodes /

Bibliographic Details
Main Author: Stravinsky, Igor, 1882-1971
Other Authors: Craft, Robert
Format: Book
Language:English
Published: New York : A.A. Knopf, [1966]
Edition:[1st ed.].
Subjects:

MARC

Tag First Indicator Second Indicator Subfields
LEADER 00000cam a2200000 4500
001 in00000021072
005 20151007060945.0
008 730426s1966 nyug 00010 eng u
010 |a  66019373  
035 |a (OCoLC)00611277 
035 |9 AAD0681AM 
040 |c CWR  |d TXA  |d UtOrBLW 
049 |a TXAM  |c [462312] 
050 0 0 |a ML410.S932  |b A38 
092 |a 780.92  |b S9121t, 1966 
100 1 |a Stravinsky, Igor,  |d 1882-1971. 
245 1 0 |a Themes and episodes /  |c [by] Igor Stravinsky and Robert Craft. 
250 |a [1st ed.]. 
264 1 |a New York :  |b A.A. Knopf,  |c [1966] 
300 |a x, 352 pages :  |b music. ;  |c 22 cm. 
336 |a text  |b txt  |2 rdacontent 
337 |a unmediated  |b n  |2 rdamedia 
338 |a volume  |b nc  |2 rdacarrier 
536 |a From the Howard Mayer Brown, Edward Downes and Mary Schieffelin Book Collections, October 2004. 
650 0 |a Music. 
700 1 |a Craft, Robert. 
999 |a MARS 
999 f f |s bb43d9f9-4dee-3e27-a69a-7783b98a59dc  |i 882819e8-11b7-3f32-8671-1523273321aa  |t 0 
952 f f |p normal  |a Texas A&M University  |b College Station  |c Sterling C. Evans Library  |s Evans stk  |d Evans: Library Stacks  |t 0  |e ML410.S932 A38  |h Library of Congress classification  |i unmediated -- volume  |m A14833758053 
952 f f |p storage  |a Texas A&M University  |b J.J. Pickle Campus  |c High Density Repository  |s HDR  |d Remote Storage  |t 0  |e ML410.S932 A38  |h Library of Congress classification  |i unmediated -- volume  |m A14833758427 
998 f f |a ML410.S932 A38  |t 0  |l Evans: Library Stacks 
998 f f |a ML410.S932 A38  |t 0  |l Remote Storage